000
00249nam a22001097a 4500
020
_a
9966445552
100
_a
KLB
245
_a
KISWAHILIKWA KIDATO CHA3
250
_a
TOLEO LA TATU
260
_a
NAIROBI
_b
KENYA LITERATURE BUREAU
_c
2007
942
_c
BK
999
_c
252117
_d
252116